000 00310nam a22001337a 4500
003 OSt
005 20231127212408.0
008 231127b |||||||| |||| 00| 0 eng d
040 _cCO-JMCR
082 _aC /
_bFALc
100 _aFalco, Federico,
_942969
245 _aUn cementerio perfecto /
942 _2ddc
_cBK
999 _c30372
_d16756